| 000 | 00470nam a2200157 i 4500 | ||
|---|---|---|---|
| 001 | 78220 | ||
| 003 | ES-MaACL | ||
| 007 | t| | ||
| 008 | 041013s1953 sp ||||1| spa d | ||
| 100 | 1 |
_aHartog, Jan de. _961998 |
|
| 245 | 1 | 3 |
_aLa orilla distante / _cJan de Hartog ; [versión española de Antonio Ribera]. |
| 260 |
_aBarcelona : _bExito, _c[1953] ( _fDuplex) |
||
| 300 |
_a307 p. ; _c20 cm. |
||
| 700 | 1 |
_aRibera, Antonio. _996769 |
|
| 852 |
_aES-MaACL _jC-8651 _bR.34825 |
||
| 999 |
_c78220 _d78220 |
||